1312 1742 1955 1039 1373 1108 1300 1448 1348 1214 1733 1632 1886 1614 1687 1146 1975 1261 1804 1641 1024 1623 1495 1353 1067 1650 1070 1559 1156 1711 1830 1843 1745 1732 1406 1725 1122 1754 1419 1461 1675 1287 1392 1700 1019 1391 1267 1652 1338 1559 1757 1173 1632 1496 1034 1538 1067 1453 1672 1007 1562 1539 1633 1841 1575 1715 1684 1210 1815 1367 1664 1558 1730 1191 1163 1092 1598 1555 1822 1201 1795 1729 1804 1794 1646 1468 1065 1040 1037 1197 1430 1927 1921 1258 1876 1140 1375 1149 1808 BCNSPRNW ULIB Ver.6.0+V

เปลี่ยนเป็นภาษาไทย

Change to English
 แสดงรายละเอียดบรรณานุกรม
  กลับหน้าหลัก

Brief Record : Get Marc (ISO 2709) : E-mail record : QR code < ปิดหน้าต่าง
LEADER : 00000nam 2200000uu 4500
001    13399115198
003     ULIB
008    120726s2007||||th 000 0 eng d
020    ^a9789812725967
060 04 ^aQS17^bH249 2007
100 1  ^aHansen, John T.
245 00 ^aNetter is anatomy :^bwith student consult
260    ^aPhiladelphia :^bSaunders,^c2007
300    ^a1 v. (various pagings) :^bill. ;^c28 cm.
650  0 ^aHuman anatomy^vAtlases
650  2 ^aAnatomy, Regional^vAtlases
650  2 ^aAnatomy^vAtlases
700 1  ^aNetter, Frank H. ^q(Frank Henry),^d1906-1991
945    ^p0^l0^i17773
945    ^p0^l0^i17774
945    ^p0^l0^i17775
995    ^aKanchaphon
999    ^aใช้งานได้ทุกระบบ
รายการนี้ยังไม่มีแท็ก
คุณยังไม่ได้ล็อกอิน คุณสามารถมีกิจกรรมร่วมกับเว็บไซต์ได้ แต่ต้องล็อกอินก่อน ::
  ล็อกอิน

รายการสื่อสารสนเทศ

ลำดับที่ ประเภท เลขเรียก/บาร์โค้ด สถานที่ สถานะ
- ไม่พบข้อมูล -

รายการใกล้เคียง
    ผู้แต่ง [Hansen, John T.]

    หัวเรื่อง [Anatomy Atlases]

BibComment


ยังไม่เคยถูกคอมเมนท์

คอมเมนท์ทรัพยากรรายการนี้
  คอมเมนท์: Netter is anatom..


 Copyright 2026. Bcnsprnw @Library